000 00464nam a2200181Ia 4500
001 13403
003 IN-NITTTR
005 20251114233126.0
008 251113s9999||||xx |||||||||||||| ||eng||
040 _beng
040 _cIN-NITTTR
041 _aeng
082 _a005.16 M363S
100 _aMartin, James
245 0 _aSoftware maintenance :
_b the problem and its solutions /
_cMartin, James, Mcclure, Carma
700 _a Mcclure, Carma
942 _2ddc
_cBK
999 _c16039
_d16039